000
00161nam a22000857a 4500
082
_a
823
100
_a
RONNE RANDALL
245
_a
LITTLE RED RIDING HOOD
942
_c
BK
999
_c
8320
_d
8320